000 00508nam a2200193Ia 4500
005 20240823055918.0
008 240823s9999||||xx |||||||||||||| ||und||
041 _aENGLISH
082 _A401.9 P6
100 _aDavid B Pisoni
245 4 _aThe Handbook of Speech Perception
250 _a1st
260 _c2006
_b"Black Well,Oxford"
500 _aTRANSFERED
650 _aAudiology Speech and Language Pathology
_bAllied Health Science
700 _aRobert E Remez
942 _cBK
999 _c229891
_d229891